000 00673nam a22002297a 4500
003 UA-OsUOA
001 88125
007 ta
008 20121001b un ||||| |||| 00| 0 ukr d
100 _aСтеблева И. В.
090 _a82.09(5)
_bС76
942 _cBK
040 _aUA-OsUOA
_brus
_cUA-OsUOA
_dUA-OsUOA
245 _aПоэтика древнетюркской литературы и ее раннеклассический период
300 _a213 с.
955 _a1
041 _arus
080 _a82.09(5)
260 _aМ.
_bНаука
_c1976
650 7 _a82 Література. Літературознавство
_2UDC
999 _c374513
_d374513